[Event "Portugal Open 2020"]
[Site "Lisbon"]
[Date "2020.01.29"]
[Round "6.31"]
[White "Xu, Yang"]
[Black "Rodriguez Lopez, Rafael"]
[Result "0-1"]
[WhiteElo "2359"]
[BlackElo "2212"]
[Annotator "TA"]
[PlyCount "121"]
[EventDate "2020.01.25"]
[EventType "swiss"]
[EventCountry "POR"]
[SourceTitle "playchess.com"]
[Source "ChessBase"]
[SourceQuality "1"]

{[%evp 19,121,0,20,16,17,12,24,-32,7,-23,-39,-46,-13,-16,0,0,0,-26,19,0,0,0,0,0,38,0,0,0,41,36,48,50,183,164,175,168,181,185,181,199,233,230,255,235,309,293,504,482,1485,1366,1227,967,29976,6132,29987,29988,29990,29990,29994,29995,29997,1006,741,832,817,762,812,762,639,737,724,724,705,700,693,652,1975,1612,12793,11860,29979,12827,29983,29984,29985,29986,29986,29987,29987,29987,29987,29981,29981,29982,29980,29981,29983,29984,29984,29985,29985,29986,29986,29987]} 1. Nf3 Nf6 2. g3 d5 3. Bg2 Bf5 4. d3 e6 5. Nbd2 h6 6. O-O Be7 7. Qe1 O-O 8. e4 Bh7 9. Qe2 c5 10. Ne5 Nbd7 11. Nxd7 {A07: Réti Opening: New York and Capablanca Systems} Qxd7 12. Re1 (12. b3 Rad8 13. Bb2 dxe4 14. Nxe4 Nxe4 15. Bxe4 Bxe4 16. Qxe4 Qd5 17. Qa4 a6 18. Rfe1 Bd6 {½-½ (54) Akopian,V (2630)-Gelfand,B (2665) Cap d'Agde 1996}) 12... Rfd8 $146 ({Predecessor:} 12... Bd8 13. e5 Ne8 14. Nf1 Rc8 15. c4 b5 16. Rd1 Nc7 17. b3 Na6 18. a3 Bb6 {0-1 (36) Luzhinsky,V (2324)-Todorov,K (1952) Primorsko 2019}) 13. Nf1 (13. b3 $11) 13... Rac8 (13... c4 $5) 14. e5 Ne8 15. h4 c4 16. d4 c3 {Hoping for ...cxb2.} 17. b3 Nc7 18. f4 Nb5 19. Be3 Na3 20. Rac1 Qb5 21. Qf2 Rc6 22. Nh2 Qa5 23. Rf1 Rdc8 {[#]} 24. f5 $1 {[%mdl 512]} Bxf5 (24... exf5 25. Bh3) 25. g4 Bxh4 (25... Nxc2 $1 $14 26. gxf5 Nxe3 27. Qxe3 exf5) 26. Qxh4 $18 Nxc2 27. Bxh6 $1 ({And not} 27. gxf5 Nxe3 28. fxe6 fxe6 $17) 27... Bg6 28. Bxg7 Kxg7 29. Rxc2 Qb6 30. Qf2 R6c7 31. Rcc1 c2 32. Nf3 a5 $2 (32... Rg8 {was necessary.} 33. Qe3 Kf8) 33. Nh4 a4 (33... Bh7 $142 34. Qe3 Qb4) 34. Nxg6 fxg6 35. g5 {Qf6+ is the strong threat.} axb3 36. axb3 (36. Qf6+ $142 Kg8 37. Bh3 $1 {[%mdl 512]} Qxd4+ 38. Kg2 $1 {[%mdl 512]} Qe4+ 39. Rf3 Kh7 40. Bf5 $1 {[%mdl 512]} Qh4 41. Bxg6+ Kg8 42. Bf7+ Rxf7 43. Qxf7+ {[%mdl 64] Double Attack} Kh8 44. Rh3 $1 {[%mdl 512]}) 36... Qxb3 37. Qf6+ {[%mdl 64] Double Attack} Kh7 38. Rf3 Rc3 39. Qe7+ Kh8 40. Qxe6 (40. Rf7 $142 Kg8 41. Qf6 Rg3 42. Qg7#) 40... Rxf3 41. Qxc8+ {[%mdl 64] Double Attack} Kg7 42. Qxc2 Qe3+ 43. Kh1 Rf8 44. Qc7+ {[%mdl 64] Double Attack} Rf7 45. Qc3 Qxg5 46. Kg1 b5 47. Re1 Qh4 {Black hopes to continue with ...Qf2+.} 48. Qe3 Rf5 49. e6 Rh5 50. Bh3 (50. e7 $142 Qh2+ 51. Kf1 Rh8 52. e8=Q Rxe8 53. Qxe8 Qf4+ {[#]} 54. Ke2 $1 {[%mdl 512]} Qxd4 55. Qe7+ Kg8 56. Rf1) 50... Rg5+ 51. Kh2 {White mates.} Rf5 52. e7 Rf2+ 53. Kg1 Rf3 54. Qe5+ Kh7 55. Qh8+ {[%mdl 64] Decoy, Promotion} Kxh8 56. e8=Q+ {[%mdl 64] Double Attack} Kg7 57. Re7+ Kh6 58. Qh8+ Kg5 59. Re5+ {[%mdl 64] Double Attack} Rf5 60. Qxh4+ Kxh4 61. Bxf5 {[%mdl 32768] Accuracy: White = 63%, Black = 26%. . Loss on time!?} 0-1

[Event "Portugal Open 2020"]
[Site "Lisbon"]
[Date "2020.01.29"]
[Round "6.32"]
[White "Santos, Jose Guilherme B Lim"]
[Black "Guerreiro, Nuno"]
[Result "1-0"]
[WhiteElo "2211"]
[BlackElo "2071"]
[Annotator "TA"]
[PlyCount "83"]
[EventDate "2020.01.25"]
[EventType "swiss"]
[EventCountry "POR"]
[SourceTitle "playchess.com"]
[Source "ChessBase"]
[SourceQuality "1"]

{[%evp 16,83,37,31,30,31,54,41,68,55,72,51,75,65,93,94,91,88,95,114,221,204,223,173,208,195,218,159,242,233,331,331,372,358,358,358,603,525,602,514,477,418,432,425,605,608,644,631,618,594,629,640,629,614,767,812,782,787,799,799,779,775,831,789,1469,1099,29993,2079,29973,12169]} 1. e4 Nf6 2. e5 Nd5 3. d4 d6 4. c4 Nb6 5. exd6 exd6 6. Nc3 Be7 7. Bd3 Nc6 8. Nge2 Bg4 9. f3 Bh5 {B03: Alekhine's Defence: Four Pawns Attack} (9... Bh4+ 10. g3 Bxf3 11. O-O Bxe2 12. Qxe2+ Be7 13. Qe4 Qd7 14. Nd5 Nxd5 15. cxd5 Nb4 16. Bb1 Qb5 17. Bg5 {1-0 (31) Volokitin,A (2649)-Bortnyk,O (2581) Doha 2016}) 10. O-O Bg6 11. b3 O-O {White is slightly better.} 12. Be3 Re8 13. Bf2 Bg5 14. f4 $146 ({Predecessor:} 14. Ne4 d5 15. Nxg5 Qxg5 {1-0 (35) Luncescu,C (2070)-Buddensiek,U (2204) Germany 2010}) 14... Bf6 15. Ng3 {Strongly threatening f5.} Bxd3 16. Qxd3 d5 17. c5 Nc8 {[#]} (17... Nb4 $16 {was called for.} 18. Qd2 Nd7) 18. Nh5 $1 $18 Bh4 19. g3 Be7 {[#] and if ...g6 works, Black does fine.} 20. f5 $1 Bg5 21. h4 Bh6 (21... Nb4 $16 {might work better.} 22. Qb5 {[%mdl 64] Double Attack} Bd2) 22. Qf3 Nb4 (22... f6 $142 23. Qxd5+ Kh8) 23. a3 Nc2 24. Ra2 Ne3 25. Re1 Nxf5 $2 (25... Ne7 26. Bxe3 Nxf5) 26. Rxe8+ Qxe8 27. Qxf5 Ne7 28. Qg4 {Black must now prevent Nf6+.} Qc6 29. Re2 Ng6 (29... f5 $142) 30. b4 a6 31. a4 b5 32. Qf3 Rd8 33. g4 f6 34. Qf5 bxa4 35. g5 fxg5 36. hxg5 Rf8 37. Qg4 Bxg5 38. Qxg5 a3 39. Nxd5 {Ne7+ is the strong threat.} Qd7 40. Re7 {[%cal Be2e7,Be7g7,Bg7g6][%mdl 32]} Qh3 41. Rxg7+ Kh8 42. Rxg6 {Accuracy: White = 89%, Black = 20%.} 1-0

[Event "Portugal Open 2020"]
[Site "Lisbon"]
[Date "2020.01.29"]
[Round "6.33"]
[White "Poysti, Nathanael"]
[Black "Maric, Boris"]
[Result "1-0"]
[WhiteElo "2203"]
[BlackElo "2034"]
[Annotator "TA"]
[PlyCount "59"]
[EventDate "2020.01.25"]
[EventType "swiss"]
[EventCountry "POR"]
[SourceTitle "playchess.com"]
[Source "ChessBase"]
[SourceQuality "1"]

{[%evp 9,59,2,6,2,9,1,16,0,1,7,4,5,27,15,113,107,114,122,114,122,113,119,124,75,80,57,147,127,151,154,144,88,82,78,79,79,109,100,115,110,189,179,189,213,339,343,472,465,645,523,515,513]} 1. c4 e5 2. Nc3 Nf6 3. Nf3 Nc6 4. e4 Bb4 5. d3 d6 6. a3 {A28: English Opening: Four Knights Variation} Bxc3+ (6... Bc5 7. b4 Bb6 8. Na4 Bd4 9. Rb1 a6 10. Be2 b5 11. Nxd4 Nxd4 12. Nc3 O-O 13. O-O c6 {0-1 (53) Nepomniachtchi,I (2773)-Ding,L (2801) Kolkata 2019}) 7. bxc3 h6 8. g3 {The position is equal.} O-O 9. Bg2 Be6 10. O-O Nd7 $146 ({Predecessor:} 10... Rb8 11. Rb1 Nd7 12. Nh4 Ne7 13. g4 Ng6 14. Nxg6 fxg6 15. f4 exf4 16. Bxf4 b6 17. h3 Qe7 {1-0 (45) Forcen Esteban,D (2567)-Velten,P (2496) chess.com INT 2019}) 11. Rb1 f5 (11... Rb8 $11 {keeps the balance.}) 12. exf5 $16 Bxf5 13. Nh4 Bh7 14. Rxb7 Na5 15. Rb4 c6 16. Qe2 Nc5 17. Rd1 g5 (17... Qc7 $14) 18. d4 exd4 19. cxd4 Re8 {[#]} 20. Be3 ({Better is} 20. Qh5 $1 Nd3 21. Nf3) 20... Ne4 {[#]} 21. Bxe4 $1 Bxe4 22. Nf3 Qf6 23. Nd2 Bf5 24. Qf3 {Black must now prevent g4.} Qe6 (24... Rf8 $16) 25. d5 $18 Qd7 {With the idea ...Bg4.} 26. Rc1 {Threatens to win with Ra4.} Bg4 (26... Rf8 $142 27. c5 Bg6) 27. Qf6 Kh7 28. c5 {White is clearly winning.} cxd5 29. cxd6 {aiming for Rc7!} Re6 30. Qd4 {[%mdl 64] Double Attack. Accuracy: White = 69%, Black = 29%.} 1-0

[Event "Portugal Open 2020"]
[Site "Lisbon"]
[Date "2020.01.29"]
[Round "6.34"]
[White "Maloberti, David"]
[Black "Jaracz, Barbara"]
[Result "1-0"]
[WhiteElo "2017"]
[BlackElo "2200"]
[Annotator "TA"]
[PlyCount "43"]
[EventDate "2020.01.25"]
[EventType "swiss"]
[EventCountry "POR"]
[SourceTitle "playchess.com"]
[Source "ChessBase"]
[SourceQuality "1"]

{[%evp 16,71,12,0,0,-14,-20,-4,0,-39,-54,-43,-39,-43,-47,-58,-31,-87,-57,-207,-255,-222,-231,-264,-257,-305,-296,-298,-283,-316,-316,-305,52,52,52,49,1283,-717,-90,-586,61,49,75,54,131,124,138,120,302,304,379,379,627,620,620,600,696,679]} 1. d4 d5 2. c4 c6 3. Nf3 Nf6 4. Nc3 dxc4 5. a4 Bf5 6. e3 e6 7. Bxc4 Bb4 8. O-O O-O 9. Ne5 Nbd7 {D18: Slav Defence: 5 a4 Bf5 6 e3} 10. Nd3 (10. Nxd7 Nxd7 11. e4 Bg6 12. f3 e5 13. d5 Nb6 14. Bb3 Bxc3 15. bxc3 cxd5 16. a5 Nc4 17. Qxd5 Qxd5 18. exd5 Rac8 19. Ra4 Nd6 {½-½ (49) Melkumyan,H (2647)-Hovhannisyan,R (2592) Martuni 2014}) 10... Be7 11. Re1 c5 {The position is equal.} 12. dxc5 $146 ({Predecessor:} 12. a5 cxd4 13. exd4 Rc8 14. Bb3 Bb4 15. Nxb4 {1-0 (15) Bojda,L (2078)-Gombar,P (2002) Banska Stiavnica 2017}) 12... Nxc5 13. Nxc5 Bxc5 14. Qb3 Qc7 $36 {[%mdl 2048] Black fights for an advantage.} 15. h3 Rac8 16. Nb5 (16. Rd1 $15) 16... Qa5 17. Re2 (17. Rd1 $15) 17... Rfd8 $1 $19 18. Nc3 Ne4 19. Nxe4 Bxe4 20. Bxe6 Rd3 ({Not} 20... fxe6 21. Qxe6+ Kh8 22. Qxe4 $17) 21. Bxf7+ Kf8 22. Bd2 {Played: Qb3-e6} 1-0

[Event "Portugal Open 2020"]
[Site "Lisbon"]
[Date "2020.01.29"]
[Round "6.35"]
[White "Hulshof, Peter"]
[Black "Martins, Diogo Faria Oliveira"]
[Result "1-0"]
[WhiteElo "2192"]
[BlackElo "1998"]
[Annotator "TA"]
[PlyCount "53"]
[EventDate "2020.01.25"]
[EventType "swiss"]
[EventCountry "POR"]
[SourceTitle "playchess.com"]
[Source "ChessBase"]
[SourceQuality "1"]

{[%evp 18,53,-7,-10,22,23,23,21,82,64,78,60,79,55,53,60,75,31,24,0,24,18,35,25,7,-54,14,30,158,80,306,304,297,300,446,440,636,647]} 1. e4 c5 2. Nc3 g6 3. g3 Bg7 4. Bg2 Nc6 5. d3 d6 6. f4 e6 7. Nf3 Nge7 8. O-O O-O 9. Be3 b6 10. Bf2 d5 {B25: Closed Sicilian: 3 g3, lines without early Be3} (10... Ba6 11. Re1 Qd7 12. d4 cxd4 13. Nxd4 Rac8 14. a4 Rfd8 15. Ndb5 Bb7 16. Qd2 d5 17. e5 Ba8 18. Ne2 Na5 {0-1 (51) Cubas,J (2586)-Fier,A (2595) Florianopolis 2019}) 11. e5 Rb8 12. Qd2 d4 $146 (12... f6 $11) ({Predecessor:} 12... f5 13. exf6 Bxf6 14. Rae1 Nf5 15. g4 Nfd4 16. Bg3 Rb7 17. Nxd4 Nxd4 18. Nd1 {1-0 (34) Schlindwein,R (2407)-Heinz,T (2288) Germany 2005}) 13. Ne4 $16 Nd5 14. Rae1 Bb7 15. Nd6 Ba8 16. Ng5 Nce7 17. g4 (17. c4 $5 {[%cal Rc4d5]} dxc3 18. bxc3 $14) 17... Qd7 18. Nde4 h6 19. Nf3 f5 20. exf6 $1 Nxf6 21. h3 ({Only move:} 21. Nxf6+ $11 Bxf6 22. Bg3) 21... Nxe4 ({Black should try} 21... Nfd5 $15 22. Ne5 Qc7) 22. dxe4 $11 e5 (22... Bc6 $11 {remains equal.}) 23. f5 ({And not} 23. fxe5 Nc6 $11) (23. Nxe5 $142 Qc7 24. Bg3) 23... g5 $2 {[#]} (23... Qd6 $16) 24. h4 $18 gxh4 25. Bxh4 Nc8 (25... Qd6 $142 26. g5 Nxf5) 26. g5 hxg5 (26... Nd6 $142 27. gxh6 Nxe4) 27. Qxg5 {Accuracy: White = 47%, Black = 22%.} 1-0

[Event "Portugal Open 2020"]
[Site "Lisbon"]
[Date "2020.01.29"]
[Round "6.37"]
[White "Kurylski, Leonardo Tavares"]
[Black "Costa, Paulo"]
[Result "0-1"]
[WhiteElo "1980"]
[BlackElo "2179"]
[Annotator "TA"]
[PlyCount "48"]
[EventDate "2020.01.25"]
[EventType "swiss"]
[EventCountry "POR"]
[SourceTitle "playchess.com"]
[Source "ChessBase"]
[SourceQuality "1"]

{[%evp 9,102,27,64,29,22,8,20,26,25,8,2,4,8,-4,0,-35,-24,-35,-41,-31,-43,-33,-50,-50,-49,-49,-26,-37,0,0,0,0,0,0,52,37,44,0,0,5,112,116,120,104,148,58,69,72,62,0,0,0,0,-130,-128,-127,-125,-129,-129,-131,-122,-145,-137,-134,-148,-497,-193,-806,-808,-552,-542,-820,-818,-649,-616,-2132,-1274,-1285,-238,-228,-218,-220,-201,-244,-244,-238,-237,-210,-204,-293,-294,-411,-406,-413,-408]} 1. d4 d6 2. e4 g6 3. Nc3 Bg7 4. Be3 a6 5. a4 Nd7 6. a5 {B06: Modern Defence} (6. Be2 b6 7. h4 h6 8. Bf3 Bb7 9. Nge2 e6 10. Qd2 Ne7 11. g3 Nf5 12. h5 g5 13. Bg2 O-O {0-1 (39) Meijers,V (2502)-Vitiugov,N (2709) Germany 2011}) 6... e5 7. h4 $146 ({Predecessor:} 7. Nf3 Ngf6 8. dxe5 dxe5 9. Bc4 O-O 10. O-O Qe7 11. Qe2 h6 12. h3 Nc5 13. Rfe1 c6 {½-½ (49) Tran,T (2353)-Nguyen,S (2131) Ho Chi Minh City 2014}) 7... Ngf6 8. d5 {The position is equal.} Nc5 9. f3 Nh5 10. Nge2 f5 $1 11. b4 Nd7 12. g4 fxg4 13. fxg4 Nf4 $1 14. g5 h6 15. Rg1 $1 hxg5 16. hxg5 Rh5 17. Bf2 Nf8 18. Ra3 $1 Nh7 19. Nxf4 exf4 20. Ne2 $1 {[%cal Re2f4]} Be5 21. Qc1 f3 (21... Rxg5 $11 22. Bh4 Qf6) 22. Nf4 $14 {[%mdl 64] Double Attack} Rxg5 23. Rh1 Qf6 24. Rxh7 Bxf4 {Played: Be5-b2} 0-1

[Event "Portugal Open 2020"]
[Site "Lisbon"]
[Date "2020.01.29"]
[Round "6.37"]
[White "Kurylski, Leonardo Tavares"]
[Black "Costa, Paulo"]
[Result "*"]
[WhiteElo "1980"]
[BlackElo "2179"]
[Annotator "RC"]
[PlyCount "102"]
[EventDate "2020.01.25"]
[EventType "swiss"]
[EventCountry "POR"]
[SourceTitle "playchess.com"]
[Source "ChessBase"]
[SourceQuality "1"]
[TimeControl "5400+30"]

1. d4 {[%emt 0:00:00]} d6 {[%emt 0:00:54]} 2. e4 {[%emt 0:00:02]} g6 {[%emt 0:00:51]} 3. Nc3 {[%emt 0:06:07]} Bg7 {[%emt 0:00:23]} 4. Be3 {[%emt 0:00:08]} a6 {[%emt 0:00:31]} 5. a4 {[%emt 0:01:34]} Nd7 {[%emt 0:02:05]} 6. a5 {[%emt 0:01:32]} e5 {[%emt 0:02:40]} 7. h4 {[%emt 0:06:15]} Ngf6 {[%emt 0:07:57]} 8. d5 Nc5 9. f3 {[%emt 0:04:34]} Nh5 {[%emt 0:05:45]} 10. Nge2 {[%emt 0:02:56]} f5 {[%emt 0:04:05]} 11. b4 {[%emt 0:00:37]} Nd7 {[%emt 0:02:32]} 12. g4 {[%emt 0:10:38]} fxg4 {[%emt 0:01:29]} 13. fxg4 {[%emt 0:00:30]} Nf4 {[%emt 0:00:08]} 14. g5 {[%emt 0:00:08]} h6 {[%emt 0:01:59]} 15. Rg1 {[%emt 0:02:49]} hxg5 16. hxg5 {[%emt 0:00:11]} Rh5 {[%emt 0:05:29]} 17. Bf2 {[%emt 0:00:20]} Nf8 {[%emt 0:05:52]} 18. Ra3 {[%emt 0:00:48]} Nh7 {[%emt 0:06:53]} 19. Nxf4 {[%emt 0:00:56]} exf4 {[%emt 0:00:06]} 20. Ne2 {[%emt 0:00:11]} Be5 {[%emt 0:04:38]} 21. Qc1 {[%emt 0:03:48]} f3 {[%emt 0:09:49]} 22. Nf4 {[%emt 0:00:07]} Rxg5 {[%emt 0:14:01]} 23. Rh1 {[%emt 0:03:11]} Qf6 {[%emt 0:02:41]} 24. Rxh7 {[%emt 0:04:19]} Bb2 {[%emt 0:05:34]} 25. Qd2 {[%emt 0:02:35]} Bxa3 {[%emt 0:01:22]} 26. Bd4 {[%emt 0:00:14]} Re5 {[%emt 0:00:20]} 27. Kf2 {[%emt 0:15:25]} Bxb4 {[%emt 0:07:13]} 28. Qxb4 {[%emt 0:01:02]} Qxf4 {[%emt 0:00:03]} 29. Bxe5 {[%emt 0:00:11]} Qxe5 {[%emt 0:01:09]} 30. Rxc7 {[%emt 0:10:37]} Qh2+ {[%emt 0:01:03]} 31. Ke3 {[%emt 0:00:20]} Qg1+ {[%emt 0:00:18]} 32. Kd2 {[%emt 0:00:22]} Qf2+ {[%emt 0:03:04]} 33. Kc3 {[%emt 0:00:11]} Qe1+ {[%emt 0:02:32]} 34. Kb3 {[%emt 0:00:04]} Qb1+ {[%emt 0:02:38]} 35. Kc3 {[%emt 0:00:10]} Qxb4+ {[%emt 0:00:45]} 36. Kxb4 {[%emt 0:00:05]} g5 {[%emt 0:00:17]} 37. c4 {[%emt 0:00:23]} g4 {[%emt 0:00:21]} 38. c5 {[%emt 0:01:33]} dxc5+ {[%emt 0:00:20]} 39. Kxc5 {[%emt 0:02:51]} Bd7 {[%emt 0:00:26]} 40. Kd4 {[%emt 0:00:39]} g3 {[%emt 0:00:49]} 41. Ke3 {[%emt 0:00:14]} g2 {[%emt 0:00:11]} 42. Bxg2 {[%emt 0:00:14]} fxg2 {[%emt 0:00:05]} 43. Kf2 {[%emt 0:00:48]} Ke7 {[%emt 0:01:14]} 44. Kxg2 {[%emt 0:00:15]} Kd6 {[%emt 0:00:47]} 45. Rxb7 {[%emt 0:00:10]} Bb5 {[%emt 0:00:14]} 46. Kf3 {[%emt 0:00:21]} Rf8+ {[%emt 0:00:35]} 47. Ke3 {[%emt 0:00:12]} Rf1 {[%emt 0:00:26]} 48. Rb6+ {[%emt 0:04:04]} Kc5 {[%emt 0:00:11]} 49. Re6 {[%emt 0:00:05]} Ra1 {[%emt 0:00:29]} 50. Kf4 {[%emt 0:01:34]} Rxa5 {[%emt 0:00:11]} 51. Ke5 {[%emt 0:00:46]} Ra1 {[%emt 0:00:13]} *

[Event "Portugal Open 2020"]
[Site "Lisbon"]
[Date "2020.01.29"]
[Round "6.38"]
[White "Ruiz Vinals, Matias"]
[Black "Cambando, Jose"]
[Result "0-1"]
[WhiteElo "1964"]
[BlackElo "2166"]
[Annotator "TA"]
[PlyCount "102"]
[EventDate "2020.01.25"]
[EventType "swiss"]
[EventCountry "POR"]
[SourceTitle "playchess.com"]
[Source "ChessBase"]
[SourceQuality "1"]

{[%evp 11,102,17,16,20,18,15,17,24,56,53,47,54,50,11,8,0,0,0,8,-2,0,-2,76,68,86,64,64,33,41,54,77,31,35,37,28,6,16,13,4,-264,-279,-297,-219,-211,-222,-224,-179,-158,-157,-157,-157,-157,-157,-157,-61,-62,-57,-72,-75,-79,-56,-58,-42,-205,-205,-207,-200,-202,-200,-222,-222,-253,-253,-253,-253,-253,-253,-253,-253,-253,-253,-253,-253,-253,-253,-253,-253,-364,-253,-6633,-5628,-4810,-4777]} 1. Nf3 Nf6 2. c4 d6 3. Nc3 e5 4. g3 Be7 5. Bg2 O-O 6. O-O c6 7. b3 {A22: English Opening: 1...e5 2 Nc3 Nf6} (7. d3 h6 8. Rb1 Be6 9. b3 Nbd7 10. e4 Nh7 11. d4 Bg4 12. h3 Bh5 13. d5 Ng5 14. h4 Nxf3+ 15. Bxf3 Bg6 16. Kg2 {½-½ (60) Kovalyov,A (2641)-Rakhmanov,A (2663) Linares 2017}) 7... Nbd7 8. Bb2 Re8 9. Qc2 {The position is equal.} a5 10. d4 Qc7 11. Rad1 Bf8 12. dxe5 dxe5 13. Ng5 h6 14. Nge4 Nxe4 15. Nxe4 Nc5 16. Ba3 $146 ({Predecessor:} 16. Rd2 Nxe4 17. Bxe4 Bb4 18. Bc3 Bxc3 19. Qxc3 Bh3 {½-½ (37) Di Benedetto,E (2241)-Zpevak,P (2343) Germany 2016}) 16... b6 (16... Nxe4 $11 17. Bxf8 Rxf8 18. Bxe4 (18. Qxe4 a4 $11) 18... a4) 17. Nxc5 $16 bxc5 18. Rd2 f5 19. Rfd1 Be6 20. Bb2 a4 21. Bh3 axb3 22. axb3 e4 23. Qc3 Qf7 24. Qe3 Be7 {White should prevent ...Bg5.} 25. Qf4 $2 {[%mdl 8192] [#]} (25. Be5 $11 {and White is okay.}) 25... Bg5 $19 26. Qe5 Bxd2 27. Rxd2 Bxc4 28. Qxc5 Bd5 29. b4 Rab8 30. e3 Rb5 31. Qc3 Re7 32. Bf1 Rb6 (32... Rb8 $17 33. Qc5 Rd7) 33. Qc5 $15 Reb7 34. Bc3 Qe7 35. Qa5 Rxb4 36. Bxb4 Rxb4 37. Rxd5 $2 (37. Rd1 $15) 37... cxd5 $19 38. Qxd5+ $17 {[%mdl 4096] Endgame KQR-KQB} Qf7 39. Qc5 Rb1 40. Kg2 {aiming for Bc4!} Kh7 41. Bc4 {[#]} Rc1 $1 {[%cal Rc1c4]} ({And not} 41... Qh5 42. Qf8 $11) 42. Bxf7 Rxc5 $19 {KR-KB} 43. h4 g6 44. Be8 Kg7 45. Bd7 Kf6 46. Be8 Rc8 47. Ba4 Ra8 48. Bc6 Ra6 49. Bb7 (49. Bd7 {was called for.}) 49... Rb6 50. Ba8 $2 (50. Bd5) 50... Ke5 51. Kh2 Kd6 {Accuracy: White = 43%, Black = 66%.} 0-1

[Event "Portugal Open 2020"]
[Site "Lisbon"]
[Date "2020.01.29"]
[Round "6.39"]
[White "Heid, Michael"]
[Black "Silich, Yahor"]
[Result "0-1"]
[WhiteElo "1953"]
[BlackElo "2158"]
[Annotator "TA"]
[PlyCount "86"]
[EventDate "2020.01.25"]
[EventType "swiss"]
[EventCountry "POR"]
[SourceTitle "playchess.com"]
[Source "ChessBase"]
[SourceQuality "1"]

{[%evp 9,86,0,4,3,11,-2,4,-17,-7,-31,-27,-30,-28,-44,-36,-40,-36,-58,-27,-18,-30,-31,2,0,17,13,29,0,0,-7,0,0,11,5,0,0,0,0,10,2,6,0,12,0,5,0,10,16,16,0,0,0,0,-324,-306,-310,-306,-272,-200,-215,-197,-198,-197,-222,-204,-283,-277,-277,-283,-293,-285,-287,-285,-356,-348,-447,-441,-418,-415]} 1. d4 Nf6 2. Bf4 g6 3. e3 Bg7 4. c3 (4. Nf3 O-O 5. Be2 c5 6. c3 b6 7. O-O Bb7 8. Nbd2 d6 9. h3 Na6 10. Bh2 Nc7 11. a4 Ne4 12. Nxe4 Bxe4 13. Nd2 Bc6 14. b4 Qc8 15. b5 Bd5 16. a5 f5 17. Re1 {1-0 (53) Caruana,F (2816)-Aronian,L (2764) Leuven 2018}) 4... d6 5. Bd3 Nc6 6. Nf3 {A45: Trompowsky Attack} O-O 7. h3 Nd7 8. Bg5 $146 {The position is equal.} ({Predecessor:} 8. Nbd2 e5 9. Bg5 f6 10. Bh4 g5 11. Qb3+ Kh8 12. Bg3 f5 13. h4 g4 14. Ng5 Qe7 {0-1 (34) Phan,D (2043)-Nguyen,T (1869) Ho Chi Minh 2019}) 8... Qe8 9. Na3 a6 10. d5 Nce5 11. Be2 Nxf3+ 12. Bxf3 b5 13. Nc2 Bb7 14. O-O Ne5 15. Be2 c5 16. f4 Nc4 17. Bxc4 $1 bxc4 18. Na3 e6 19. e4 exd5 20. exd5 {Threatens to win with Re1.} Qe4 21. Re1 Qxd5 22. Qxd5 Bxd5 23. Rad1 Be6 $1 {White must now prevent ...Rab8.} 24. Rxd6 Rfb8 25. Re2 Rb7 26. Kf2 h6 $36 {[%mdl 2048] Black fights for an advantage.} 27. Bh4 Rab8 28. Rdd2 Kh7 29. Ke1 h5 30. Bg5 a5 31. Kd1 $2 {[%mdl 8192] [#]} (31. Kf2 $11) 31... Bxc3 $1 $19 {[%mdl 512]} 32. Rc2 (32. bxc3 $2 {[#]} Rb1+ $1 {[%mdl 512]} 33. Nxb1 Rxb1+ 34. Kc2 Bf5+ 35. Rd3 cxd3+ 36. Kd2 Rb2+ 37. Kd1 Rxe2 $19) 32... Bxb2 33. Nxc4 Bd4 {And now ...Rb1+ would win.} 34. Nxa5 Rb1+ 35. Rc1 R8b2 36. Rxb2 Rxb2 37. Rc2 Rb1+ (37... Bxa2 38. Rxb2 Bxb2 39. Kc2 $17) ({Don't take} 37... Rxa2 38. Rxa2 Bxa2 39. Nc6 $19) 38. Rc1 Rxc1+ ({Don't do} 38... Bxa2 39. Rxb1 Bxb1 40. Nb3 $17) 39. Kxc1 Bxa2 40. Kc2 Bd5 41. Nb3 Bf2 ({Not} 41... Bxg2 42. Nxd4 cxd4 43. Bf6 $17) 42. Be7 Bxg2 43. h4 c4 {Accuracy: White = 38%, Black = 63%.} 0-1